Tractatus Maioratuum et Meliorationum Hispaniae (Record no. 10915)

MARC details
000 -CABECERA
campo de control de longitud fija 01130nam a22002537a 4500
001 - NÚMERO DE CONTROL
campo de control BRCA_9295
003 - IDENTIFICADOR DEL NÚMERO DE CONTROL
campo de control FranzMayer
005 - FECHA Y HORA DE LA ÚLTIMA TRANSACCIÓN
campo de control 20230724142502.0
008 - DATOS DE LONGITUD FIJA--INFORMACIÓN GENERAL
campo de control de longitud fija 230724b |||||||| |||| 00| 0 eng d
040 ## - FUENTE DE LA CATALOGACIÓN
Centro catalogador/agencia de origen MFM
Lengua de catalogación esp
Centro/agencia transcriptor MFM
050 #4 - SIGNATURA TOPOGRÁFICA DE LA BIBLIOTECA DEL CONGRESO
Número de clasificación CO1693
Número de documento/Ítem M45 1620
082 ## - NÚMERO DE LA CLASIFICACIÓN DECIMAL DEWEY
Número de edición DP48.9
100 1# - ENTRADA PRINCIPAL--NOMBRE DE PERSONA
Código de función/relación Autor
Nombre de persona Melchiore, Licentiato
9 (RLIN) 28963
240 1# - TÍTULO UNIFORME
Título uniforme Tractatus Maioratuum et Meliorationum Hispaniae
Medio Tomus secundus
Lenguaje de la obra Latín
245 0# - MENCIÓN DE TÍTULO
Título Tractatus Maioratuum et Meliorationum Hispaniae
Resto del título Tomus secundus
260 ## - PUBLICACIÓN, DISTRIBUCIÓN, ETC.
Lugar de publicación, distribución, etc. Matriti, España
Nombre del editor, distribuidor, etc. Excudebat Ludouicus Sanctius Typographus Regius, ciufdem y Ioannis de Bonilla Bibliopola fumptibus
Fecha de publicación, distribución, etc. 1620
300 ## - DESCRIPCIÓN FÍSICA
Extensión 312 p
Dimensiones 30 cm
440 ## - MENCIÓN DE SERIE/PUNTO DE ACCESO ADICIONAL--TÍTULO
Título Tractatus Maioratuum et Meliorationum Hispaniae
Número de parte o sección de la obra Tomus Secundus
Nombre de parte o sección de la obra Vol 2
9 (RLIN) 28964
500 ## - NOTA GENERAL
Nota general La primer hoja del libro esta arrugada y presenta un poco de daño
505 ## - NOTA DE CONTENIDO CON FORMATO
Nota de contenido con formato Texto en: latínDirigido a: filólogos, historiadores, sociólogos, antropólogosIncluye índice temático
650 1# - PUNTO DE ACCESO ADICIONAL DE MATERIA--TÉRMINO DE MATERIA
Fuente del encabezamiento o término España
Término de materia o nombre geográfico como elemento de entrada Historia de España
Subdivisión de forma Civilización española
9 (RLIN) 28965
651 2# - PUNTO DE ACCESO ADICIONAL DE MATERIA--NOMBRE GEOGRÁFICO
Fuente del encabezamiento o término Vida española
Nombre geográfico Clases sociales
Subdivisión de forma Costumbres
9 (RLIN) 28966
942 ## - ELEMENTOS DE PUNTO DE ACCESO ADICIONAL (KOHA)
Fuente del sistema de clasificación o colocación Library of Congress Classification
Tipo de ítem Koha Libros
Holdings
Estado de retiro Estado de pérdida Fuente del sistema de clasificación o colocación Estado dañado No para préstamo Código de colección Localización permanente Ubicación/localización actual Fecha de adquisición Fuente de adquisición Total de préstamos Signatura topográfica completa Código de barras Fecha visto por última vez Precio válido a partir de Tipo de ítem Koha
El ejemplar forma parte de la colección y puede ser consultado según las políticas vigentes.   Library of Congress Classification     Conventual Franz Mayer Biblioteca del Museo Franz Mayer (Rogerio Casas-Alatriste) Biblioteca del Museo Franz Mayer (Rogerio Casas-Alatriste) 24/07/2023 Donación   CO1693 M45 1620 CFM00531 24/07/2023 24/07/2023 Libros